Ostrov slobody povstanie 55 oslobodenie (12)

Bibliographic Details
Main Author: Pauliak, Ervín (Author)
Format: Article
Language:Slovak
ISSN:0323-2018
Subjects:

MARC

LEADER 00000nab a2200000 a 4500
001 vtls000701136
003 SK-MaSNL
005 20260304182526.0
008 180409c1999 xo 0 slo
015 |a SNBRB1999/09-21794 
035 |a CLN000053303 
040 |a SNKBUCL  |b slo  |c SNKBUCL  |e AACR2 
041 0 |a slo 
044 |a xo  |c SK 
080 |a 943.76"1944"  |2 1997 
080 |a 940.53  |2 1997 
080 |a 355.48(437.6)"1944"  |2 1997 
100 1 |a Pauliak, Ervín  |4 aut  |9 320334 
245 1 0 |a Ostrov slobody  |b povstanie 55 oslobodenie  |n (12)  |c Ervín Pauliak 
246 1 3 |a Povstanie 55 oslobodenie 
648 7 |a 1944  |2 SNK  |9 294704 
650 0 7 |a Slovenské národné povstanie (1944)  |2 SNKPH  |9 177948 
650 0 7 |a druhá svetová vojna (1939-1945)  |2 SNKPH  |9 169657 
650 0 7 |a protifašistický odboj  |2 SNKPH  |9 4751 
651 7 |a Slovensko  |x dejiny  |2 SNKPHgeo  |9 13278 
655 7 |a články z novín a časopisov  |2 snkbucl  |9 267496 
773 0 |t Bojovník  |g Roč. 44, č. 19 (1999), s. 6  |x 0323-2018 
850 |a Slovenská národná knižnica v Martine 
852 |a SNK  |b KIS3GCP 
958 |a OS 
958 |a SK 
992 |a RBX 
999 |c 3029791  |d 3031721